Normal view
MARC view
Entry Personal Name
001 - CONTROL NUMBER
- control field: 10773
003 - CONTROL NUMBER IDENTIFIER
- control field: OSt
005 - DATE AND TIME OF LATEST TRANSACTION
- control field: 20160818142143.0
008 - FIXED-LENGTH DATA ELEMENTS
- fixed length control field: 160818|| aca||aabn | a|a d
040 ## - CATALOGING SOURCE
- Original cataloging agency: OSt
- Transcribing agency: OSt
100 ## - HEADING--PERSONAL NAME
- Personal name: Edited By Wallace,W.Angus;
670 ## - SOURCE DATA FOUND
- Source citation: Work cat.: (OSt): Edited By Wallace,W.Angus;, Joint Replacement in The shoulder &Elbow:, 1998.
